Chansons françaises des années 2010 par paroles A-Z - Statistiques

Statistiques générales
  • Ce quiz a été pris 386 fois
  • Le résultat moyen est 15 sur 26
Statistiques - réponses
Paroles Chansons % Correct
B Donc laisse-moi te chanter
D’aller te faire en-hmmmmm
Ouais j’passerai pas à la radio
Parce que mes mots sont pas très beaux
Balance ton quoi
95%
C Au gré des saisons Des décisions Je m’abandonne Quand les souvenirs s’emmêlent Les larmes me viennent Le {chant des sirènes}
92%
E ________ t’es trop nul
Sors un peu de ta bulle
Tu fais n’importe quoi
On dirait que t’aimes ça
Pourquoi tu gâches ta vie ? Pourquoi tu gâches ta vie ?
Elle me dit
87%
D Et dans le bruit je cours et j’ai peur
Est-ce mon tour
Vient la douleur
Dans tout Paris je m’abandonne
Et je m’envole vole vole
Vole vole vole vole
Dernière danse
82%
J Offrez-moi du personnel
J’en ferais quoi
Un manoir à Neuchâtel
C’n’est pas pour moi
Offrez-moi la tour Eiffel
J’en ferais quoi
Papalapapapala
Je veux
81%
L Le vent qui hurle en moi ne pense plus à demain
Il est bien trop fort j’ai lutté en vain
Cache tes pouvoirs n’en parle pas
Fais attention, le secret survivra
Pas d’états d’âme pas de tourments
De sentiments
Libérée délivrée
81%
R Mais comment il s’appelle Kanté
N’Golo, N’Golo Kanté
Comment il s’appelle Kanté
N’Golo, N’Golo Kanté
Maestro Kimpembe
Kimpembe, Kimpembe
Ramenez la coupe à la maison
77%
H Un SMS vient d’arriver, j’ai 21 ans
Neuf mois se sont écoulés, et toujours pas d’enfant
L’________, les minutes se dérident
Et moi je rêve, tranquille je prends mon temps
Dam dam dé oh (oh oh oh)
Dam dam dé oh (oh oh oh oh)
L'{horloge tourne}
73%
A Comment pourrais-je faire
Pour me séparer d’elle
Oublier qu’on est frères
Belle Corrèze charnelle
Oublier ce matin que tu es parisien
Que t’as de l’eau dans l’vin
Que tu es parti loin
À nos souvenirs
70%
M On t'invite à la magie
Y a pas de raccourci
Oublie tes soucis
Et viens faire la folie
Magic in the air
69%
O Partout autour de nous
Y a des signes d'espoir dans les regards
Donnons-leur écrits
Car dans la nuit
Tout s'efface
Même leurs traces
On écrit sur les murs
63%
S J’ai pas le physique des magazines
J’ai pas l’humour de Charlie Chaplin
J’ai pas la science infuse
Le savoir-faire de Bocuse
Non je n’ai pas ces choses-là
Soulman
63%
K Tu seras viril mon ________
Je n’veux voir aucune larme glisser
Sur cette gueule héroïque
Et ce corps tout sculpté
Pour atteindre des sommets fantastiques
Que seule une rêverie pourrait surpasser
Kid
62%
G Hé toi, mais qu'est-ce que tu crois Je ne suis qu'un animal Déguisé en madone Hé toi, je pourrais te faire mal Je pourrais te blesser oui Dans la nuit qui frissonne La {grenade}
61%
T Rendez-vous rendez-vous rendez-vous au prochain règlement
Rendez-vous rendez-vous rendez-vous sûrement aux prochaines règles
Cette fois c’était la dernière
Tu peux croire que c’est qu’une crise
Mate une dernière fois mon derrière
Il est à côté de mes valises
Tous les mêmes
61%
W Les soirées d'samedi soir
Quelquefois ça m'déçoit
Pour quelques billets d'cent
Ça part en giclée d'sang
Wati by night
59%
Y Enlevez-moi même tout le reste Mais pas la douceur de ses gestes Elle m'a porté avant le monde Elle me porte encore chaque seconde Elle m'emportera avec elle Je lui serai toujours fidèle Les {yeux de la mama}
58%
F On s’rend débiles D’amour un temps On se défile Pourtant Avant d’écrire le jour suivant Mais volant de ville en ville Vivons-nous vraiment ? Les {filles d'aujourd'hui}
49%
U Échirolles centre banlieue sud de Grenoble
Je m’appelle Sofiane j’ai vingt ans
Kévin c’est mon pote on est inséparables
J’ai un job moi je vis simplement
Le soir à Villeneuve les grands frères et les gosses
Les terrains de foot et la boxe
Un jour au mauvais endroit
48%
Z Ma raison somnolait
Ma conscience me conseillait
Mon subconscient m'déconseillait
Mais mon esprit veut s’envoler
Zombie
47%
P Je voudrais passer l’océan
Croiser le vol d’un goéland
Penser à tout ce que j’ai vu
Ou bien aller vers l’inconnu
Je voudrais décrocher la Lune
Je voudrais même sauver la Terre
Parler à mon père
44%
I J’ai fait l’amour
J’ai fait la manche
J’attendais d’être heureux
J’ai fait des chansons
J’ai fait des enfants
J’ai fait au mieux
Il est où le bonheur
38%
N Non je ne veux pas aller mieux
À quoi ça sert d’aller mieux
Non je ne veux pas m’habiller
Non plus me maquiller
Laissez-moi m’ennuyer
Arrêtez avec vos questions
Non non non (Écouter Barbara)
37%
X C'est quoi un homme
C'est quoi une femme
On fait semblant, on joue le jeu qu'on nous apprend
Si t'es un homme
Si t'es une femme
XY
24%
V Moi je suis né ici pour n'être qu'avec toi Comme quelqu'un qui te sera et dont on parlera Moi je suis né ici pour n'être qu'avec toi Je serai quelqu'un qui sera, tu verras Nous irions faire la vie, réussir au moins ça Nous irions faire la nuit, aussi loin que tu pourras Moi je suis né ici pour n'être qu'avec toi La {vie est belle}
14%
Q Mais ________
J’ai tout fait à l’instinct
Moi je ne suis qu’un homme
Peut-être un bon à rien
Que Dieu me pardonne
11%
Aucun quiz correspondant
Distribution des résultats
% des personnes avec chaque résultat
Percentile par nombre de réponses
Votre historique - résultats
Vous n’avez pas pris ce quiz